Manual del corredor pb︢lico e inmobiliario

Bibliographic Details
Main Author: Ibę̀z, Marcela Agustina
Format: eBook
Language:Spanish
Published: Cr̤doba: Alveroni Ediciones, 2014
Subjects:
Online Access:Acceso restringido

MARC

LEADER 00000nam a22000007a 4500
005 20140915211850.0
007 cr|||| ||||
008 140915s2014 ar |||||s|||| 00||0 spa d
020 |a 978-987-643-103-3 
035 |a 12372 
040 |a vLex 
090 |c 5150  |d 5150 
100 1 |a Ibę̀z, Marcela Agustina 
245 1 0 |a Manual del corredor pb︢lico e inmobiliario  |h [Recurso electrn̤ico] /  |c Marcela Agustina Ibę̀z 
256 |a Servicio en ln̕ea 
260 |a Cr̤doba:  |b Alveroni Ediciones,  |c 2014 
300 |a 1 recurso electrn̤ico 
506 1 |a Disponible solo en los productos indicados  |d vLex Global  |d vLex Global (Academic Edition, excluding Law Schools)  |d vLex Global (U.S. Academic Edition, Law Schools)  |d vLex Global (U.S. Academic Edition, excluding Law Schools)  |d vLex Global (Academic Edition, Law Schools) 
650 0 4 |a Derecho Civil  |z Argentina 
740 0 |a vLex Libros (Servicio en ln̕ea) 
856 4 0 |u http://vlex.com/source/manual-corredor-publico-inmobiliario-12372  |z Acceso restringido 
942 |c BOOK 
999 0 |a Civil Law